Claves operativas para la historia de Iberoamérica (Registro nro. 4347)

Detalles MARC
000 -CABECERA
Longitud fija campo de control 00754nam a2200205 b 4500
001 - NÚMERO DE CONTROL
Número de control bimo0000541768
003 - IDENTIFICADOR DELl NÚMERO DE CONTROL
Identificador del número de control OSt
005 - FECHA Y HORA DE LA ÚLTIMA TRANSACCIÓN
Fecha y hora de la última transacción 20140410213002.0
008 - CÓDIGOS DE INFORMACIÓN DE LONGITUD FIJA
Códigos de información de longitud fija 961213s1995 sp | ||| ||spa
020 ## - NÚMERO INTERNACIONAL NORMALIZADO PARA LIBROS
Número Internacional Normalizado para Libros (ISBN) 84-7100-350-3
040 ## - FUENTE DE LA CATALOGACIÓN
Centro catalogador de origen SpMaBN
Centro transcriptor BMC
082 ## - NÚMERO DE LA CLASIFICACIÓN DECIMAL DEWEY
Númeroo de clasificación 980.00142
110 2# - PUNTO DE ACCESO PRINCIPAL-NOMBRE DE ENTIDAD CORPORATIVA
9 (RLIN) 6221
Nombre de entidad corporativa o nombre de jurisdicción como elemento inicial Fundación Mapfre
245 1# - MENCIÓN DE TÍTULO
Título Claves operativas para la historia de Iberoamérica
Resto del título : proyectos y actividades de la Fundación MAPFRE América y del Instituto Histórico Tavera
Mención de responsabilidad, etc. Fundación MAPFRE América, Instituto Histórico Tavera
260 0# - PUBLICACIÓN, DISTRIBUCIÓN, ETC. (PIE DE IMPRENTA)
Lugar de publicación, distribución, etc. Madrid
Nombre del editor, distribuidor, etc. MAPFRE
Fecha de publicación, distribución, etc. 1995
300 ## - DESCRIPCIÓN FÍSICA
Extensión 448 p.
Dimensiones 24 cm
610 24 - PUNTO DE ACCESO ADICIONAL DE MATERIA - NOMBRE DE ENTIDAD CORPORATIVA
Nombre de entidad corporativa o nombre de jurisdicción como elemento inicial Fundación MAPFRE América
Subdivisi&oacute,n de materia general Investigación
9 (RLIN) 9599
651 #4 - PUNTO DE ACCESO ADICIONAL DE MATERIA - NOMBRE GEOGRÁFICO
9 (RLIN) 9600
Nombre geográfico América latina
Subdivisión de materia general Historia
Subdivisión de forma Proyectos de investigación
942 ## - ENTRADA DE ELEMENTOS AGREGADOS (KOHA)
Fuente de clasificaión o esquema Dewey Decimal Classification
Koha [por defecto] tipo de item 1- Monografias
Existencias
Suprimido Perdido Fuente de clasificación o esquema Estropeado Restricciones de uso No para préstamo Código de colección Localización permanente Localización actual Localización en estanter&íacute;as Fecha adquisición Fuente de adquisición Número de inventario Préstamos totales Signatura completa Código de barras Fecha última consulta Coste, precio reemplazado Fecha del precio de reemplazo Tipo de item de Koha
NULL NULL Dewey Decimal Classification NULL Prestable NULL NULL Biblioteca Miguel de Cervantes - UNICAES Biblioteca Miguel de Cervantes - UNICAES Sala Principal 20/11/2013 Donación - UNAV 007472   980 FUN cla 1007472 20/11/2013 29.95 20/11/2013 1- Monografias